00426nam a2200157Ia 450000500170000000800410001702000150005805000270007310000210010024500560012126000350017730000350021244000060024752100070025352600080026020140313111143.0140130s9999 xx 000 0 und d a0590921622 aPZ 7b.B7633Clwxf 1997 aBridwell, Norman cNorman BridwellaClifford's first valentine's day / bScholastic,c1997.aNew York : a[30] p. :bcol. ill. ;c21 cm. v1 aG2 c490